Carpenters - Superstar - Statistics

General Stats
  • This quiz has been taken 29 times
  • The average score is 133 of 168
Answer Stats
Lyric % Correct
I
100%
me
100%
to
100%
you
100%
You
100%
you,
100%
a
92%
and
92%
And
92%
baby?
92%
baby
92%
Baby,
92%
baby,
92%
baby)
92%
do
92%
Don't
92%
love
92%
in
83%
really
83%
remember,
83%
second
83%
the
83%
again,
75%
again
75%
again?
75%
ago,
75%
away
75%
be
75%
far
75%
fell
75%
it
75%
Long
75%
said
75%
show
75%
told
75%
Your
75%
your
75%
back
67%
before
67%
coming
67%
guitar,
67%
guitar
67%
loved
67%
oh,
67%
oh
67%
(Oo,
67%
(Ooh,
67%
so
67%
way
67%
with
67%
you'd
67%
clear
58%
play
58%
radio
58%
sad
58%
this
58%
can
50%
come
50%
Come
50%
hardly
50%
here,
50%
is
50%
it's
50%
just
50%
make
50%
say,
50%
sounds
50%
wait
50%
you're
50%
affair
42%
But
42%
Loneliness
42%
not
42%
such
42%
sweet
42%
What
42%
No matching quizzes found
Score Distribution
Percent of People with Each Score
Percentile by Number Answered
Your Score History
You have not taken this quiz